00712nam a2200241 a 450000100060000000300080000600500170001400800410003102000150007203500190008704000320010604100080013808200250014611000430017124500360021426000440025030000240029435000080031849000400032649000250036650400310039165000480042236093BD-RjUL20211209052431.0140616s1968 enk b 000 0 eng d a0435828401 a(BD-RjUL)36190 aDLCcDLCdDLCdBD-RjULbeng aeng00a320.072042bRES 19682 aSocial Science Research Council (U.S.)10aResearch in political science / aLondon :bHeinemann Educational,c1968. aix, 64 p. ;c19 cm. a7/60 aIts Reviews of current research,v10 aAn H.E.B. paperback. aBibliographical footnotes. 0aPolitical sciencexResearchzGreat Britain.